000 00531nam a2200193Ia 4500
005 20250923144916.0
008 008 250917s9999 xx 000 0 eng d
037 _aTextual
040 _aDSWL
_beng
_cDSWL
041 _aeng
_2eng
084 _aX:9F:2.N6, K4
_qDSWL
245 0 _aWomen in Employment
_cby Ministry of Labour
260 _aNew Delhi
_bDelhi Ministry of Labour
_c1964
300 _aiv,146p.
365 _aINR
_b4.50
925 _g4.50
942 _cTEXL
_hX:9F:2.N6, K4
999 _c1444857
_d1444857